LEADER 00502nab a2200157 i 4500 001 000000263052 003 CaOOAMICUS 005 20051116000000.0 008 051116n xx uu u0 0und r 013 $a4572 040 $aSeMil$bita 245 10$aCELAM :$b50 años. 500 $aSeptiembre 2005. 710 0 $aConsejo Episcopal Latinoamericano.$0(OLS)http://semarc/name/5035 773 0 $t[2005.$dBogotá D.C. : CELAM-ITEPAL, copyr. 2005.$w()139104 996 $6245$aCELAM :$b50 años.$9(OLS)http://semarc/title/356321 LEADER 00816nas a2200217 i 4500 001 000000195364 003 CaOOAMICUS 005 20110509000000.0 008 101210b2010 it uu u0 0mul r 013 $a174036 040 $aSeMil$bita 245 10$a2010 : [2]. 260 $aPisa ;$aRoma :$bFabrizio Serra,$ccopyr. 2010. 300 $aP. [317]-552 ;$c25 cm. 773 0 $tIus Ecclesiae.$dRoma : Centro Accademico della Santa Croce, 1989.$x1120-6462$w()2385 774 0 $t[vedi periodico].$w()274384 850 $aSeMil 852 $aSeMil$W1$xVenegono$y1$m245 3 55$j145933$B145933$CSeMilBibl$Z2$F163510 $85 961 $aAbbonamento: Accademia Editoriale 996 $6245$a2010 : [2]$9(OLS)http://semarc/title/281470 996 $6260$aPisa ;$aRoma :$bFabrizio Serra$9(OLS)http://semarc/publisher/34314